000 01147nam a2200313 a 4500
003 DO-SdBNP
005 20221110103332.0
007 ta
008 221110e2022 dr ao||gr|||| 001 edspa d
020 _a9789945917413
040 _aDO-SdBNP
_bspa
_cBNPHU
082 4 _222
_bS232m
100 1 _955642
_aSantana, Josué
245 _aLa música folclórica dominicana. /
_cJosué Santana, Edis Sánchez; Editor, Yubisay Bolivar; Fotografía de portada, Jesús Alberto de la Cruz.
250 _a2da. ed.
260 _aSanto Domingo :
_bBúho,
_c2022
300 _a482 p. :
_bil., fotgraf. ;
_c25 cm.
500 _aIncluye datos biográficos de los autores en las solapas de las cubiertas
500 _aIncluye glosario de términos 469 - 476
504 _aBibliografía: 477 - 482
590 _aInventariado 2022 / MF
650 4 _964891
_aMúsica Folclórica
_xHistoria
_zRepública Dominicana
650 4 _954113
_aMúsica
_xHistoria
_zRepública Dominicana
700 1 _955643
_aSánchez, Edis
700 1 _aBolivar, Yubisai,
_eed.
_982790
700 _976790
_aCruz, Jesús Alberto, De la
_efotogr.
910 _aMFeliz
942 _2ddc
_cLBS1
999 _c52858
_d52858